000 00213 a2200097 4500
001 42000
100 _aSloan, S J
245 _aPilots Under Stress
260 _a
_bRoutledge & Kegan Paul
_c
090 _c26042
_d26042
942 _aNUST-CAE
_c
_c17828
999 _c277073
_d277073